| 000 | 00564nam a22002177a 4500 | ||
|---|---|---|---|
| 003 | BUBTL | ||
| 008 | 160121b xxu||||| |||| 00| 0 eng d | ||
| 020 | _a8121904331 | ||
| 082 |
_a339 _bMah |
||
| 100 |
_965 _a Ahuja, H. L. |
||
| 245 |
_aMacroeconomics _bTheory and Policy |
||
| 250 | _a9th | ||
| 260 |
_aNew Delhi _bS.chad _c2002 |
||
| 300 |
_aviii, 479p. : _bills, chart, _c25 cm |
||
| 440 |
_9234 _aMacroeconomics |
||
| 650 | 0 |
_9235 _aMacroeconomics |
|
| 700 |
_965 _a Ahuja, H. L. |
||
| 856 |
_k0 _l0 _yDownload |
||
| 942 |
_2ddc _cBK |
||
| 999 |
_c5105 _d5105 |
||